[Event "AUTO-BEG-197"]
[Site "http://www.queenalice.com/game.php?id=372219"]
[Date "2008.3.16"]
[Round "1"]
[White "RicardoMate"]
[Black "johnlennon55"]
[Result "1-0"]
[WhiteElo "1297"]
[BlackElo "1193"]

1. d4 Nc6 2. d5 Nb4 3. a3 Na6 4. e4 Nf6 5. Bxa6 bxa6 6. e5 Ng4 7. Qxg4 Rb8 8.
Qf3 Rb5 9. c4 Rc5 10. Nd2 Bb7 11. b4 Rc6 12. dxc6 dxc6 13. c5 e6 14. Ne2 Be7 15.
O-O O-O 16. Nf4 Bg5 17. Ne4 Bh6 18. Nh5 Qd5 19. Bxh6 gxh6 20. Nhf6+ Kg7 21. Qg4+
Kh8 22. Nxd5 exd5 23. Nf6 Bc8 24. Qh4 Bf5 25. Qxh6 Rg8 26. Nxg8 Kxg8 27. Qg5+
Bg6 28. Qd8+ Kg7 29. Qxc7 d4 30. Qxc6 d3 31. Qxa6 d2 32. Qf6+ Kh6 33. c6 a6 34.
c7 Kh5 35. c8=Q 1-0

[Event "AUTO-BEG-197"]
[Site "http://www.queenalice.com/game.php?id=372220"]
[Date "2008.3.16"]
[Round "1"]
[White "johnlennon55"]
[Black "RicardoMate"]
[Result "1-0"]
[WhiteElo "1181"]
[BlackElo "1309"]

1. e4 e5 2. Nf3 d6 3. Ng1 Nf6 4. Nc3 d5 5. exd5 Nxd5 6. Qf3 Nxc3 7. dxc3 Nc6 8.
Bb5 Be6 9. Ne2 Qd7 10. Bg5 Be7 11. Bxe7 Qxe7 12. Bxc6+ Bd7 13. Bxb7 Rb8 14. Rd1
O-O 15. Be4 Rxb2 16. a4 Bxa4 17. Qf5 Bxc2 18. Bxc2 g6 19. Rd7 Qe6 20. Qxe6 fxe6
21. Kd1 Rxf2 22. Rd8+ Kg7 23. Rd7+ Rf7 24. Rd8 Ra2 25. h4 Ra1+ 26. Nc1 Rf2 27.
Re1 Rxg2 28. Rxe5 Rg1+ 29. Re1 Rxe1+ 30. Kxe1 Rxc1+ 31. Kd2 Rh1 32. Rd7+ Kf6 33.
Rxh7 Rh2+ 34. Kc1 Re2 35. Rh6 Rg2 36. c4 a5 37. h5 Rg1+ 38. Kb2 a4 39. Bxa4 Kf5
40. Bc2+ Kg5 41. Rxg6+ Kxh5 42. Rxg1 1-0

[Event "AUTO-BEG-197"]
[Site "http://www.queenalice.com/game.php?id=372242"]
[Date "2008.3.16"]
[Round "1"]
[White "johnlennon55"]
[Black "lohitha2001"]
[Result "0-1"]
[WhiteElo "1190"]
[BlackElo "1384"]

1. e4 e5 2. Nf3 Nc6 3. Nc3 Nf6 4. Bc4 Bc5 5. Nb5 Nxe4 6. d3 Nxf2 7. Qd2 Nxh1 8.
Qe2 a6 9. Qf1 axb5 10. Qxh1 bxc4 11. dxc4 Nb4 12. Nxe5 Nxc2+ 13. Kd1 Nxa1 14.
Qf1 O-O 15. Qd3 f5 16. Qb1 d6 17. Nd3 Rf6 18. Qxa1 Bg1 19. h3 Be6 20. b3 c5 21.
Ke1 Qa5+ 22. Kf1 Bd4 0-1

[Event "let's go play chess"]
[Site "http://www.queenalice.com/game.php?id=375566"]
[Date "2008.3.23"]
[Round "-"]
[White "llina"]
[Black "johnlennon55"]
[Result "1-0"]
[WhiteElo "1472"]
[BlackElo "1195"]

1. d4 Nc6 2. e3 a5 3. Bb5 Nb4 4. c3 Nd5 5. e4 Nf4 6. Bxf4 Nf6 7. e5 Ne4 8. Bd3
f5 9. Bxe4 fxe4 10. f3 d5 11. fxe4 dxe4 12. Nd2 Bf5 13. e6 Ra6 14. d5 Qxd5 15.
Bxc7 Bxe6 16. Nxe4 Qxe4+ 17. Qe2 Qf5 18. O-O-O Bd5 19. Qb5+ Rc6 20. Rxd5 Qe6 21.
Rd8+ Kf7 22. Qf1+ Kg6 23. Bxa5 Qxa2 24. Qd3+ Kh5 25. Rd5+ g5 26. Qf3+ Kg6 27.
Qf5+ Kg7 28. Qxg5+ Kf7 29. Rf5+ Rf6 30. Qh5+ Kg7 31. Rg5+ Rg6 32. Qh6+ Kxh6 33.
h4 Rxg5 34. hxg5+ Kxg5 35. Bb6 Qd5 36. Bd4 Qxg2 37. Nh3+ Kh4 38. Bxh8 Qxh1+ 39.
Kc2 Qxh3 40. b4 Qf5+ 41. Kb3 Qe6+ 42. c4 h5 43. b5 1-0

[Event "Challenge"]
[Site "http://www.queenalice.com/game.php?id=378317"]
[Date "2008.3.28"]
[Round "-"]
[White "johnlennon55"]
[Black "gordonpdx"]
[Result "0-1"]
[WhiteElo "1197"]
[BlackElo "1154"]

1. e4 e5 2. Nf3 Nc6 3. Bc4 Bc5 4. Nc3 Nf6 5. b3 d6 6. Ng5 Be6 7. Qe2 Nd4 8. Qd3
Qd7 9. O-O a6 10. a3 b5 11. Bxe6 fxe6 12. b4 Bb6 13. a4 O-O 14. axb5 axb5 15.
Rxa8 Rxa8 16. Bb2 d5 17. exd5 exd5 18. Qh3 Qxh3 19. gxh3 Nxc2 20. Nxb5 Nxb4 21.
Nxh7 Nxh7 22. Nxc7 Bxc7 23. Re1 e4 24. Re3 Nc2 25. Rg3 Bxg3 26. fxg3 Ng5 27. h4
Nf3+ 28. Kf2 Ra2 29. Bc3 d4 30. Bxd4 Ncxd4 31. Ke3 Rxd2 32. Kxe4 Rxh2 33. Ke3
Kf7 34. Ke4 Re2+ 35. Kd3 Ke6 36. g4 Kd5 37. h5 Ne5+ 38. Kc3 Nxg4 0-1

[Event "AUTO-OPEN-1088"]
[Site "http://www.queenalice.com/game.php?id=385672"]
[Date "2008.4.11"]
[Round "1"]
[White "silverhawks"]
[Black "johnlennon55"]
[Result "1-0"]
[WhiteElo "2054"]
[BlackElo "1188"]

1. d4 d5 2. c4 dxc4 3. Nc3 Nc6 4. e4 Nxd4 5. Bxc4 Bd7 6. Qxd4 Nf6 7. e5 Ng8 8.
Nf3 Bc6 9. Qxd8+ Kxd8 10. Bxf7 Nh6 11. Bxh6 gxh6 12. Rd1+ 1-0

[Event "AUTO-OPEN-1088"]
[Site "http://www.queenalice.com/game.php?id=385673"]
[Date "2008.4.11"]
[Round "1"]
[White "johnlennon55"]
[Black "silverhawks"]
[Result "0-1"]
[WhiteElo "1190"]
[BlackElo "2052"]

1. e4 d5 2. exd5 Qxd5 3. Bd3 Nf6 4. Nc3 Qe6+ 5. Nge2 Nc6 6. O-O Bd7 7. Nf4 Qd6
8. b3 e5 9. Qe1 O-O-O 10. Qe3 exf4 11. Qe2 Nd4 12. Qd1 Bc6 13. Re1 f3 0-1

[Event "AUTO-OPEN-1088"]
[Site "http://www.queenalice.com/game.php?id=385706"]
[Date "2008.4.11"]
[Round "1"]
[White "FPM"]
[Black "johnlennon55"]
[Result "1-0"]
[WhiteElo "1871"]
[BlackElo "1186"]

1. d4 Nc6 2. d5 Ne5 3. Bf4 d6 4. Bxe5 dxe5 5. e4 Nf6 6. Nc3 Bg4 7. Nge2 Qd7 8.
h3 Bh5 9. Qd3 O-O-O 10. Ng3 g6 11. Nge2 Bh6 12. b4 g5 13. Ng3 Bg6 14. b5 g4 15.
a4 Rdg8 16. a5 e6 17. Qc4 1-0

[Event "AUTO-OPEN-1088"]
[Site "http://www.queenalice.com/game.php?id=385707"]
[Date "2008.4.11"]
[Round "1"]
[White "johnlennon55"]
[Black "FPM"]
[Result "0-1"]
[WhiteElo "1197"]
[BlackElo "1913"]

1. e4 d5 2. exd5 Qxd5 3. Nf3 Bg4 4. Nc3 Qh5 5. d4 Bxf3 6. gxf3 Nf6 7. Nb5 Kd7 8.
Bf4 Nd5 9. Bc4 Nxf4 10. Qd2 Qxf3 11. Bxf7 Qxh1# 0-1